000 01845nam0a2200337 i 4500
001 RU\NLR\BIBL_A\011623557
005 20241109123448.0
010 _a9785758401316
035 _a(NLR Aleph) 011623557
090 _a10996781
_c10996781
100 _a20180207d2017 um y0rusy50 ca
101 1 _arus
_ceng
102 _aRU
105 _ay|||z|||001zy
200 1 _aОчерк истории русского имажинизма (1919-1927)
_fВладимир Марков
_gсоставление, предисловие и перевод с английского Станислава Швабрина при участии автора
210 _aМосква
_aЕкатеринбург
_cКабинетный ученый
_cФедор Еремеев
_d2017
215 _a370 с.
_d22
300 _aПер. изд.: Russian imagism (1919-1924) / Vladimir Markov. Giessen, 1980
320 _aБиблиогр.: с. 265-722 и в подстроч. примеч.
320 _aБиблиогр. по имажинизму и имажинистам: с. 278-308
320 _aУказ.: с. 353-370
454 0 _12001#$aRussian imagism (1919-1924)
_1210##$aGiessen$d1980
_1700#1$aMarkov$bV. F.$gVladimir Fedorovič$f1920-2013$cславист, поэт$3RU\NLR\AUTH\770188829
_tRussian imagism (1919-1924)
_aMarkov, Vladimir Fedorovič (славист, поэт ; 1920-2013)
606 _aИмажинизм
_xв литературе русской советской
_91152762
_3RU\NLR\AUTH\66460245
686 1 _aШ400.221.889
686 2 _aШ5(2=Р)7-328.8
700 1 _aМарков
_bВ. Ф.
_cлитературовед, поэт
_f1920-2013
_gВладимир Федорович
_9148297
_3RU\NLR\AUTH\770148333
942 _cBOOK
980 _aNBR